[Event "Titled Tue 17th Jun Early"]
[Site "chess.com INT"]
[Date "2025.06.17"]
[Round "5"]
[White "Shapiro, Daniel"]
[Black "Tikhonov, Viacheslav"]
[Result "0-1"]
[WhiteTitle "FM"]
[BlackTitle "CM"]
[WhiteElo "2284"]
[BlackElo "2183"]
[WhiteFideId "2001780"]
[BlackFideId "44196407"]
[EventDate "2025.06.17"]

1. d4 Nf6 2. c4 g6 3. Nc3 d5 4. Nf3 Bg7 5. Qb3 c6 6. Bg5 e6 7. e3 O-O 8. Qc2 Qa5
9. Bd3 dxc4 10. Bxc4 b5 11. Bb3 Nbd7 12. O-O Bb7 13. e4 c5 14. e5 Ng4 15. Qe2
cxd4 16. Nxb5 Ngxe5 17. Nxe5 Nxe5 18. Nxd4 Ba6 19. Qe4 Bxf1 20. Rxf1 Nc4 21. Be7
Nd2 22. Qb7 Nxf1 23. Bxf8 Qe1 24. h3 Rxf8 25. Nf3 Qb1 0-1

[Event "Titled Tue 17th Jun Early"]
[Site "chess.com INT"]
[Date "2025.06.17"]
[Round "5"]
[White "Vlassov, Nikolai"]
[Black "Gunawardhana, Devindya Oshini"]
[Result "0-1"]
[WhiteTitle "IM"]
[BlackTitle "WIM"]
[WhiteElo "2291"]
[BlackElo "2121"]
[WhiteFideId "4103360"]
[BlackFideId "29941482"]
[EventDate "2025.06.17"]

1. e4 e5 2. Bc4 Nc6 3. f4 d6 4. Nf3 Nf6 5. Nc3 Be7 6. O-O O-O 7. d3 exf4 8. Bxf4
Na5 9. Bb3 Nxb3 10. axb3 Bg4 11. h3 Bh5 12. g4 Bg6 13. Nd4 d5 14. e5 Nd7 15. Nf5
Bxf5 16. gxf5 Bg5 17. Bh2 d4 18. Ne4 Re8 19. f6 Be3+ 20. Kh1 g6 21. Bf4 Bxf4 22.
Rxf4 Rxe5 23. Qf3 Qe8 24. Rf1 Qe6 25. Rh4 Rf5 26. Qg2 Nxf6 27. Rxf5 Qxf5 28.
Nxf6+ Qxf6 29. Qxb7 Re8 30. Re4 Qf3+ 31. Kh2 Rxe4 32. dxe4 Qe2+ 33. Kg3 Qxc2 34.
Qa8+ Kg7 35. Qd5 Qd3+ 36. Kg2 Qe2+ 37. Kg3 Qe3+ 38. Kg2 d3 39. Qe5+ Kh6 40. Qe7
Qg5+ 0-1

[Event "Titled Tue 17th Jun Early"]
[Site "chess.com INT"]
[Date "2025.06.17"]
[Round "5"]
[White "Yevchenko, Oleksandr"]
[Black "Kapra, Jerjis"]
[Result "0-1"]
[WhiteTitle "CM"]
[WhiteElo "2276"]
[BlackElo "2055"]
[WhiteFideId "14108267"]
[BlackFideId "2640341"]
[EventDate "2025.06.17"]

1. c4 e5 2. Nc3 d6 3. Nf3 f5 4. d4 e4 5. Ng5 c6 6. h4 Be7 7. Bf4 h6 8. Nh3 Bxh4
9. e3 Be7 10. Qh5+ Kf8 11. O-O-O Nf6 12. Qe2 Kf7 13. f3 d5 14. cxd5 cxd5 15.
fxe4 fxe4 16. Qb5 a6 17. Qb3 Nc6 18. Be2 b5 19. Rdf1 Na5 20. Qd1 Bd7 21. Be5 Qc8
22. Nf4 b4 23. Bh5+ Kg8 24. Ng6 Nc6 25. Bxf6 Bxf6 26. Nxd5 Ne7+ 27. Kb1 Nxd5 28.
Qb3 Be6 29. Rf2 Kh7 30. Nf4 Nxf4 0-1

[Event "Titled Tue 17th Jun Early"]
[Site "chess.com INT"]
[Date "2025.06.17"]
[Round "5"]
[White "Ter-Sahakyan, Samvel"]
[Black "Skliarov, Viktor"]
[Result "1-0"]
[WhiteTitle "GM"]
[BlackTitle "IM"]
[WhiteElo "2611"]
[BlackElo "2334"]
[WhiteFideId "13302531"]
[BlackFideId "14106736"]
[EventDate "2025.06.17"]

1. d4 Nf6 2. c4 e6 3. Nc3 Bb4 4. Qc2 c5 5. dxc5 Na6 6. Nf3 Nxc5 7. g3 Nce4 8.
Bg2 Nxc3 9. bxc3 Be7 10. O-O O-O 11. e4 d6 12. e5 dxe5 13. Nxe5 Nd7 14. Bf4 Nxe5
15. Bxe5 f6 16. Rad1 Qb6 17. Bd4 Qc7 18. Qb3 e5 19. Be3 Kh8 20. Rd2 Bc5 21. Bxc5
Qxc5 22. Qb4 Qxb4 23. cxb4 Be6 24. c5 Rab8 25. a4 Kg8 26. a5 Kf7 27. Rfd1 Ke7
28. Rd6 g5 29. f4 gxf4 30. gxf4 Rg8 31. Kf2 Rg4 32. Rxe6+ Kxe6 33. Bh3 Kf5 34.
Bxg4+ Kxg4 35. fxe5 fxe5 36. Rd7 h5 37. Ke3 Kf5 38. h4 a6 39. Rg7 Kf6 40. Rh7
Kg6 41. Rd7 Kf5 42. Kf3 Ke6 43. Rd6+ Kf5 44. Rb6 e4+ 45. Ke3 Ke5 46. c6 Kd6 47.
cxb7+ Kc7 48. Kxe4 Rxb7 49. Rxb7+ Kxb7 50. Kd5 Kc7 51. Kc5 Kb7 52. Kd6 Kb8 53.
Kc6 Ka7 54. Kc7 1-0

[Event "Titled Tue 17th Jun Early"]
[Site "chess.com INT"]
[Date "2025.06.17"]
[Round "5"]
[White "Ristic, Nebojsa M"]
[Black "Mikhalsky, Vladimir"]
[Result "1-0"]
[WhiteTitle "IM"]
[WhiteElo "2248"]
[BlackElo "2219"]
[WhiteFideId "900850"]
[BlackFideId "14144352"]
[EventDate "2025.06.17"]

1. d4 Nf6 2. Bf4 g6 3. Nc3 c5 4. d5 Bg7 5. e4 O-O 6. Be2 d6 7. a4 e6 8. dxe6
Bxe6 9. Bxd6 Re8 10. Bxc5 Qa5 11. b4 Qc7 12. Ra3 Na6 13. Bxa6 bxa6 14. Nge2 Bc4
15. f3 Rad8 16. Qc1 a5 17. Qf4 Qb7 18. b5 Nd7 19. Be3 Bf8 20. Ra1 Bb4 21. Kf2
Nf8 22. Rhd1 Ne6 23. Qh6 Bf8 24. Qh3 Bg7 25. Rab1 Rc8 26. Nd5 Bxe2 27. Kxe2
Rxc2+ 28. Rd2 Rxd2+ 29. Bxd2 Nd4+ 30. Kf2 Nc2 31. Rc1 Rc8 32. Qxc8+ Qxc8 33.
Ne7+ Kf8 34. Nxc8 Bd4+ 35. Ke2 Na3 36. Bxa5 Bb2 37. Bb4+ Ke8 38. Bxa3 Bxa3 39.
Rc6 Kd7 40. Nxa7 1-0

[Event "Titled Tue 17th Jun Early"]
[Site "chess.com INT"]
[Date "2025.06.17"]
[Round "5"]
[White "Hoang, Thi Bao Tram"]
[Black "Newansa, M Esandi"]
[Result "0-1"]
[WhiteTitle "WGM"]
[BlackTitle "WCM"]
[WhiteElo "2163"]
[BlackElo "1945"]
[WhiteFideId "12401102"]
[BlackFideId "9999060"]
[EventDate "2025.06.17"]

1. e4 c6 2. c4 d5 3. exd5 cxd5 4. cxd5 Nf6 5. Nc3 Nxd5 6. d4 Nc6 7. Nf3 g6 8. h3
Bg7 9. Be2 O-O 10. O-O e6 11. Ne4 Nde7 12. Bg5 f6 13. Bh4 Nf5 14. Bc4 Nfxd4 15.
Nxd4 Qxd4 16. Qxd4 Nxd4 17. Rfd1 f5 18. Nc5 b6 19. Nd3 Kh8 20. Re1 Nc2 21. Bg3
Nxa1 22. Rxa1 Bd7 23. Re1 Rfe8 24. Ne5 Bxe5 25. Bxe5+ Kg8 26. h4 Kf7 27. Bc3
Rac8 28. Bb3 Bc6 29. Re5 Rcd8 30. h5 Bd5 31. hxg6+ hxg6 32. Ba4 Rh8 33. a3 Rh4
34. Bc2 Rdh8 35. f3 Rh1+ 36. Kf2 R8h2 37. Re2 Rh4 38. Kg3 Rh5 39. Kf4 Rg1 40. g3
g5+ 41. Ke5 Rxg3 42. f4 gxf4 43. Kxf4 Rf3+ 44. Ke5 Rh4 45. Kd6 Rc4 46. Rh2 Rc6+
47. Kd7 Rcxc3 48. bxc3 Rxc3 49. a4 Rc4 50. Kd6 Kf6 51. Bb3 Rd4 52. Bc2 Bb3+ 53.
Kc7 Rc4+ 0-1

[Event "Titled Tue 17th Jun Early"]
[Site "chess.com INT"]
[Date "2025.06.17"]
[Round "5"]
[White "Aalto, Patrik"]
[Black "Peatman, Carter"]
[Result "1-0"]
[WhiteTitle "FM"]
[WhiteElo "2316"]
[BlackElo "2082"]
[WhiteFideId "510726"]
[BlackFideId "2096480"]
[EventDate "2025.06.17"]

1. c4 c6 2. Nf3 d5 3. e3 Nf6 4. b3 Bg4 5. h3 Bh5 6. g4 Bg6 7. Bb2 Nbd7 8. d4 e6
9. Bd3 Ne4 10. h4 h5 11. g5 f5 12. Kf1 Bd6 13. Nc3 Qb8 14. Ne2 O-O 15. Kg2 f4
16. Bc1 fxe3 17. Bxe3 Rf7 18. c5 Bc7 19. Rf1 Qf8 20. Nd2 e5 21. Nxe4 dxe4 22.
Bc4 Kh8 23. Bxf7 Qxf7 24. Ng3 exd4 25. Bxd4 Ne5 26. Bxe5 Bxe5 27. Rc1 Qe7 28.
Nxh5 Rd8 29. Qg4 Rd3 30. Rfe1 Bd4 31. Nf4 Qf7 32. Nxd3 exd3 33. Qxd4 Qd7 34.
Qxd7 1-0

[Event "Titled Tue 17th Jun Early"]
[Site "chess.com INT"]
[Date "2025.06.17"]
[Round "5"]
[White "Cherepov, Alexej"]
[Black "Tiitta, Sauli"]
[Result "1-0"]
[WhiteTitle "CM"]
[WhiteElo "2083"]
[BlackElo "2157"]
[WhiteFideId "13503650"]
[BlackFideId "502251"]
[EventDate "2025.06.17"]

1. d4 c5 2. d5 h6 3. e4 d6 4. c4 g5 5. h4 g4 6. Nc3 Bg7 7. h5 Bxc3+ 8. bxc3 Qa5
9. Bd2 Nf6 10. Bd3 Nbd7 11. Ne2 Ne5 12. Bf4 Bd7 13. Bxe5 dxe5 14. Qd2 b5 15. Ng3
bxc4 16. Bxc4 Rb8 17. a4 Kf8 18. O-O Kg7 19. f3 gxf3 20. Rxf3 Bg4 21. Rf2 Kh7
22. Raf1 Rhg8 23. d6 Be6 24. Bxe6 fxe6 25. dxe7 Ng4 26. Rf7+ Rg7 27. Qe2 Qxc3
28. Qxg4 Qe3+ 29. Kh1 Qg5 30. Rxg7+ Kxg7 31. Qxe6 Qh4+ 32. Kg1 Qxg3 33. Rf7+ Kg8
34. Rf3+ 1-0

[Event "Titled Tue 17th Jun Early"]
[Site "chess.com INT"]
[Date "2025.06.17"]
[Round "5"]
[White "Oparin, Grigoriy"]
[Black "Jakubowski, Krzysztof"]
[Result "1-0"]
[WhiteTitle "GM"]
[BlackTitle "GM"]
[WhiteElo "2660"]
[BlackElo "2448"]
[WhiteFideId "24125890"]
[BlackFideId "1112848"]
[EventDate "2025.06.17"]

1. Nf3 d5 2. c4 d4 3. b4 g5 4. Qa4+ c6 5. h3 Bg7 6. d3 h6 7. g4 e5 8. Nbd2 Ne7
9. Ne4 a5 10. b5 O-O 11. Ba3 Ng6 12. Bxf8 Bxf8 13. a3 Bd7 14. h4 gxh4 15. g5
hxg5 16. Nexg5 Qe7 17. Bh3 cxb5 18. cxb5 Na6 19. Bxd7 Nc5 20. Qc4 Qxd7 21. Nxh4
Nf4 22. Rg1 Bg7 23. Qxc5 Rc8 24. Qb6 Rc2 25. Ne4 Rxe2+ 26. Kd1 Rxe4 27. Qf6 Ng6
28. Nxg6 fxg6 29. Rxg6 Rf4 30. Qe6+ Qxe6 31. Rxe6 Rxf2 32. Rc1 Rf1+ 33. Kc2 Rf3
34. Re7 Kf8 35. Rxb7 e4 36. Rd1 Rf2+ 37. Kb3 e3 38. b6 1-0

[Event "Titled Tue 17th Jun Early"]
[Site "chess.com INT"]
[Date "2025.06.17"]
[Round "5"]
[White "Ai, Evan"]
[Black "Jval Saurin Patel"]
[Result "0-1"]
[BlackTitle "FM"]
[WhiteElo "2188"]
[BlackElo "2331"]
[WhiteFideId "2094770"]
[BlackFideId "25968343"]
[EventDate "2025.06.17"]

1. Nf3 d6 2. e4 g6 3. d4 Bg7 4. Bd3 Nf6 5. O-O O-O 6. Qe2 c5 7. c3 cxd4 8. cxd4
Nc6 9. Nc3 Bg4 10. Be3 Rc8 11. h3 Bxf3 12. Qxf3 Qa5 13. Rac1 Nd7 14. Bb1 Nxd4
15. Bxd4 Bxd4 16. Nd5 Bf6 17. b4 Qd8 18. Rxc8 Qxc8 19. Qxf6 exf6 20. Ne7+ Kg7
21. Nxc8 Rxc8 22. Rd1 Kf8 23. Bd3 Ke7 24. f4 Nb8 25. Kf2 Rc3 26. Ke2 Nc6 27. Rb1
Nd4+ 28. Kd2 Ra3 29. Rb2 h5 30. Ke3 Ne6 31. Rc2 Kd8 32. g4 hxg4 33. hxg4 Nxf4
34. Kxf4 Rxd3 35. g5 fxg5+ 36. Kxg5 Rf3 37. Rd2 Ke7 38. Kg4 Ra3 39. Rc2 Kd7 40.
Kg5 Rf3 41. Kg4 Rf1 42. Kg5 a6 43. a4 Rb1 44. Rc4 b5 45. axb5 axb5 46. Rd4 Ke6
47. Kf4 Rf1+ 48. Ke3 Rh1 49. Rd5 Rh5 50. Rd1 Re5 51. Kf4 d5 52. exd5+ Rxd5 53.
Re1+ Kf6 54. Rc1 Rd4+ 55. Ke3 Rxb4 56. Rc6+ Kg7 57. Rb6 Rb1 58. Kf3 b4 59. Kf4
b3 60. Kg3 b2 61. Kg2 f5 62. Rb3 Kh6 63. Rb4 Kg5 64. Kh2 f4 65. Kg2 Kg4 66. Kh2
g5 67. Kg2 Re1 68. Rxb2 Re2+ 69. Rxe2 f3+ 70. Kf2 fxe2 71. Kxe2 Kh3 72. Kf1 Kh2 0-1

[Event "Titled Tue 17th Jun Early"]
[Site "chess.com INT"]
[Date "2025.06.17"]
[Round "5"]
[White "Deng, Henry"]
[Black "Szpar, Milosz"]
[Result "0-1"]
[WhiteTitle "FM"]
[BlackTitle "IM"]
[WhiteElo "2327"]
[BlackElo "2495"]
[WhiteFideId "30965454"]
[BlackFideId "1184989"]
[EventDate "2025.06.17"]

1. e4 e6 2. d4 d5 3. Nd2 c5 4. exd5 exd5 5. Ngf3 Nc6 6. Be2 Bd6 7. O-O Nf6 8.
dxc5 Bxc5 9. Nb3 Bb6 10. c3 h6 11. h3 O-O 12. Nbd4 Ne4 13. Be3 Bc7 14. Rc1 Re8
15. c4 Ne7 16. Nb5 Bb8 17. cxd5 a6 18. Na3 b5 19. Re1 Bb7 20. Bc5 Nxc5 21. Rxc5
Qd6 22. Rc1 Bxd5 23. Nc2 Ba7 24. b3 Rad8 25. Qd2 Ng6 26. Nb4 Qg3 27. Nxd5 Bxf2+
28. Kh1 Bxe1 29. Rxe1 Nh4 30. Nxh4 Rxd5 31. Nf5 Rxf5 0-1

[Event "Titled Tue 17th Jun Early"]
[Site "chess.com INT"]
[Date "2025.06.17"]
[Round "5"]
[White "Omariev, Maksim"]
[Black "Wyss, Jonas"]
[Result "0-1"]
[WhiteTitle "FM"]
[BlackTitle "FM"]
[WhiteElo "2304"]
[BlackElo "2278"]
[WhiteFideId "4193423"]
[BlackFideId "1311387"]
[EventDate "2025.06.17"]

1. Nh3 d5 2. Na3 e5 3. c4 d4 4. d3 Bb4+ 5. Bd2 Bxd2+ 6. Qxd2 Nc6 7. Nc2 a5 8. g3
Nf6 9. Bg2 O-O 10. O-O h6 11. e4 dxe3 12. fxe3 Be6 13. Nf2 Bxc4 14. Bxc6 bxc6
15. Qc3 Bb5 16. a4 Ba6 17. Qxe5 Re8 18. Qc3 Nd5 19. Qd2 Qg5 20. Rfe1 Rab8 21.
Ne4 Qg6 22. Nd4 Bxd3 23. Qxd3 Qxe4 24. Qxe4 Rxe4 25. Nxc6 Rxb2 26. Rad1 Rxe3 27.
Rxe3 Nxe3 28. Rd8+ Kh7 29. Nxa5 Rg2+ 30. Kh1 Rf2 31. h4 Nf5 32. g4 Nxh4 33. Rd7
Ra2 34. Rd4 Nf3 35. Rf4 Rh2# 0-1

[Event "Titled Tue 17th Jun Early"]
[Site "chess.com INT"]
[Date "2025.06.17"]
[Round "5"]
[White "Figuero Toro, Julian Francisco"]
[Black "Sobek, Jaroslav"]
[Result "0-1"]
[WhiteTitle "FM"]
[BlackTitle "FM"]
[WhiteElo "2182"]
[BlackElo "2195"]
[WhiteFideId "2210347"]
[BlackFideId "301388"]
[EventDate "2025.06.17"]

1. Nf3 c5 2. g3 b6 3. Bg2 Bb7 4. O-O Nf6 5. c4 e5 6. Nc3 d6 7. d3 Be7 8. Bg5
Nbd7 9. e3 h6 10. Bxf6 Nxf6 11. d4 exd4 12. exd4 O-O 13. d5 a6 14. a4 Re8 15. h3
Qd7 16. Qd3 Bf8 17. a5 Qc7 18. axb6 Qxb6 19. Nh4 Bc8 20. Rfb1 g6 21. Nf3 Bg7 22.
Nd2 Bf5 23. Nde4 Nxe4 24. Nxe4 Re7 25. g4 Bxe4 26. Bxe4 Rae8 27. Bf3 a5 28. Kg2
Qb4 29. h4 Re5 30. Ra3 Re1 31. Rb3 Qa4 32. Rxe1 Rxe1 33. Rb8+ Kh7 34. h5 Qa1 35.
hxg6+ fxg6 36. Be4 Rg1+ 37. Kh2 Rxg4 38. Rb7 Qg1+ 39. Kh3 Rg5 40. Bf3 Qxf2 41.
Bg4 h5 42. Qg3 hxg4+ 43. Kh4 Rh5+ 44. Kxg4 Qf5# 0-1

[Event "Titled Tue 17th Jun Early"]
[Site "chess.com INT"]
[Date "2025.06.17"]
[Round "5"]
[White "Akobian, Varuzhan"]
[Black "Punin, Andrii"]
[Result "1-0"]
[WhiteTitle "GM"]
[BlackTitle "FM"]
[WhiteElo "2551"]
[BlackElo "2289"]
[WhiteFideId "13300580"]
[BlackFideId "14112639"]
[EventDate "2025.06.17"]

1. d4 Nf6 2. c4 e6 3. Nf3 d5 4. cxd5 exd5 5. Nc3 c6 6. Qc2 g6 7. Bg5 Be7 8. e3
Bf5 9. Bd3 Bxd3 10. Qxd3 Nbd7 11. O-O O-O 12. Rab1 Re8 13. Rfc1 Ne4 14. Bxe7
Qxe7 15. Qc2 Nd6 16. h3 h5 17. b4 b5 18. a4 a6 19. a5 Kg7 20. Ne2 Nc4 21. Rb3
Rac8 22. Nf4 Nf6 23. Nd2 Ne4 24. Nxe4 dxe4 25. Ne2 Rcd8 26. Ng3 h4 27. Nf1 Rd6
28. Nd2 Nxd2 29. Qxd2 Qe6 30. Rbc3 Qf6 31. Qc2 Ree6 32. Rc5 Qe7 33. Qb2 Kh7 34.
R1c3 Qd7 35. Qc2 f5 36. Qb3 Kh6 37. Rc1 Qe8 38. Qb2 Rf6 39. d5 cxd5 40. Rxd5
Rxd5 41. Qxf6 Qd8 42. Qxa6 Rd1+ 43. Rxd1 Qxd1+ 44. Kh2 Qe2 45. Qd6 Kh5 46. a6
Qxf2 47. a7 Qa2 48. Qb8 f4 49. a8=Q Qf2 50. Qxf4 1-0

[Event "Titled Tue 17th Jun Early"]
[Site "chess.com INT"]
[Date "2025.06.17"]
[Round "5"]
[White "Negrean, Andrei"]
[Black "Danila, Tudor-Gabriel"]
[Result "1-0"]
[WhiteTitle "FM"]
[BlackTitle "CM"]
[WhiteElo "2352"]
[BlackElo "2178"]
[WhiteFideId "1291513"]
[BlackFideId "1274244"]
[EventDate "2025.06.17"]

1. d4 Nf6 2. Nc3 d5 3. Bf4 e6 4. e3 Bb4 5. Ne2 O-O 6. a3 Ba5 7. b4 Bb6 8. Nc1 c6
9. Nd3 Bc7 10. Be2 Nbd7 11. O-O b6 12. a4 a5 13. b5 c5 14. Bf3 Bb7 15. Ne2 Qb8
16. c3 e5 17. dxe5 Nxe5 18. Nxe5 Bxe5 19. Qc2 Bxf4 20. Nxf4 Qe5 21. Rfd1 Rad8
22. Rd2 Rd7 23. Rad1 Rfd8 24. h3 g5 25. Ne2 Kg7 26. Ng3 Kg8 27. Qf5 Qxf5 28.
Nxf5 Kf8 29. g4 Ke8 30. Kg2 d4 31. cxd4 Bxf3+ 32. Kxf3 cxd4 33. Rxd4 Rxd4 34.
exd4 Nd5 35. Re1+ Kd7 36. Re5 Nc3 37. Re7+ Kc8 38. Rxf7 Nxa4 39. Ne7+ Kb8 40.
Nc6+ Kc8 41. Nxd8 Kxd8 42. Rxh7 Kc8 43. h4 gxh4 44. g5 Nc3 45. g6 Nxb5 46. g7
Nxd4+ 47. Ke4 1-0

[Event "Titled Tue 17th Jun Early"]
[Site "chess.com INT"]
[Date "2025.06.17"]
[Round "5"]
[White "Jacobsen, Mikkel Manosri"]
[Black "Voege, Tobias"]
[Result "1-0"]
[WhiteTitle "FM"]
[BlackTitle "FM"]
[WhiteElo "2223"]
[BlackElo "2256"]
[WhiteFideId "1444514"]
[BlackFideId "1270513"]
[EventDate "2025.06.17"]

1. d4 d5 2. Nf3 Nc6 3. Bf4 Bg4 4. Nbd2 e6 5. e3 Nf6 6. h3 Bh5 7. Bb5 Bd6 8. c3
O-O 9. Bxc6 bxc6 10. Qa4 c5 11. Qc6 cxd4 12. Bxd6 cxd6 13. Nxd4 Rb8 14. b3 Rc8
15. Qa4 Rxc3 16. Qxa7 Qa8 17. Qxa8 Rxa8 18. O-O Rd3 19. N2f3 e5 20. Nb5 Ne4 21.
Rfc1 f6 22. b4 Rb8 23. a4 Bxf3 24. gxf3 Nd2 25. Kg2 Rb3 26. Rd1 Nc4 27. Rab1
Rxb1 28. Rxb1 Kf8 29. Nc3 d4 30. exd4 exd4 31. Nd5 1-0

[Event "Titled Tue 17th Jun Early"]
[Site "chess.com INT"]
[Date "2025.06.17"]
[Round "5"]
[White "Chassard, Cedric"]
[Black "Guo, Felix"]
[Result "0-1"]
[WhiteTitle "FM"]
[WhiteElo "2250"]
[BlackElo "2091"]
[WhiteFideId "16243536"]
[BlackFideId "30997550"]
[EventDate "2025.06.17"]

1. a3 a6 2. b4 Nf6 3. Bb2 d5 4. g3 e6 5. Bg2 Be7 6. d3 O-O 7. Nd2 c5 8. e4 cxb4
9. axb4 Bxb4 10. e5 Ne8 11. Nf3 Nc6 12. O-O f6 13. Re1 fxe5 14. Nxe5 Bc5 15.
Ndf3 Nf6 16. Ba3 Bxa3 17. Rxa3 Qd6 18. Ra4 b5 19. Rf4 Bb7 20. Nxc6 Bxc6 21. Ne5
Nd7 22. Rxf8+ Rxf8 23. Nxc6 Qxc6 24. c4 bxc4 25. dxc4 Qc5 26. Qe2 dxc4 27. Qxe6+
Kh8 28. Kh1 Nf6 29. Qxa6 Ng4 30. h3 Nxf2+ 31. Kh2 c3 32. Qe2 c2 33. Rc1 Rc8 34.
Bf3 h6 35. Kg2 Nd1 36. Kh2 Qf2+ 37. Qxf2 Nxf2 38. Be2 Rc3 39. Kg2 Ne4 40. Bf3
Nc5 41. Bh5 Nd3 0-1

[Event "Titled Tue 17th Jun Early"]
[Site "chess.com INT"]
[Date "2025.06.17"]
[Round "5"]
[White "Brady, Tyson"]
[Black "Goldin, Roman"]
[Result "1-0"]
[WhiteTitle "CM"]
[BlackTitle "FM"]
[WhiteElo "2170"]
[BlackElo "2299"]
[WhiteFideId "30970369"]
[BlackFideId "2803860"]
[EventDate "2025.06.17"]

1. c4 e5 2. Nc3 Nf6 3. g3 d5 4. cxd5 Nxd5 5. Bg2 Nb6 6. Nf3 Nc6 7. O-O Be7 8. b3
O-O 9. Bb2 f5 10. d3 Bf6 11. Rc1 Be6 12. Qc2 Qe7 13. Qb1 Rad8 14. Nb5 a6 15. Na3
Nd4 16. Nxd4 exd4 17. Bxb7 Bd5 18. Bxd5+ Nxd5 19. Qc2 h5 20. Nc4 h4 21. Ba3 Qe6
22. Bxf8 Rxf8 23. Qd2 f4 24. Kg2 hxg3 25. fxg3 Bg5 26. Rf3 Re8 27. Rcf1 Qg4 28.
h3 Qh5 29. g4 Qg6 30. Kh1 Qe6 31. R1f2 g6 32. Qa5 Bh4 33. Rg2 c6 34. Qc5 Qf6 35.
Nd2 Ne3 36. Ne4 Rxe4 37. dxe4 Nxg2 38. Kxg2 Bg3 39. e5 Qe6 40. Qc4 Qxc4 41. bxc4
c5 42. Rxg3 1-0

[Event "Titled Tue 17th Jun Early"]
[Site "chess.com INT"]
[Date "2025.06.17"]
[Round "5"]
[White "Sailer, Mike"]
[Black "Hury, Tymoteusz"]
[Result "1-0"]
[BlackTitle "CM"]
[WhiteElo "2108"]
[BlackElo "2115"]
[WhiteFideId "2012901"]
[BlackFideId "21839328"]
[EventDate "2025.06.17"]

1. d4 Nf6 2. Nf3 b6 3. e3 Bb7 4. Bd3 d5 5. O-O Nbd7 6. b3 Ne4 7. Bb2 Ndf6 8. Ne5
e6 9. f3 Nd6 10. Nd2 c5 11. Rc1 cxd4 12. exd4 Be7 13. Qe1 b5 14. a3 Rc8 15. Qg3
O-O 16. Qh3 h6 17. g4 Nh7 18. Rce1 Ng5 19. Qg2 Bf6 20. Re2 Rc7 21. Rfe1 Bc8 22.
Nf1 Bxe5 23. dxe5 Nb7 24. Bd4 a6 25. f4 Nh7 26. b4 Qh4 27. Re3 f5 28. gxf5 exf5
29. e6 Re7 30. Re5 Nd6 31. Bc5 Ne4 32. Bxe7 Qxe7 33. Rxd5 Bb7 34. Rd7 Qxe6 35.
Rxb7 Qc6 36. Qxg7# 1-0

[Event "Titled Tue 17th Jun Early"]
[Site "chess.com INT"]
[Date "2025.06.17"]
[Round "5"]
[White "Martinez Alcantara, Jose Eduardo"]
[Black "Bok, Benjamin"]
[Result "1-0"]
[WhiteTitle "GM"]
[BlackTitle "GM"]
[WhiteElo "2611"]
[BlackElo "2582"]
[WhiteFideId "3805662"]
[BlackFideId "1017063"]
[EventDate "2025.06.17"]

1. e4 c5 2. Nf3 d6 3. c3 Nf6 4. h3 Nc6 5. Bd3 g6 6. Bc2 e5 7. O-O Bg7 8. d3 h6
9. Nbd2 O-O 10. Re1 d5 11. a3 Be6 12. b4 dxe4 13. dxe4 Qc7 14. Bb2 Rfd8 15. Qe2
cxb4 16. cxb4 Nxb4 17. Bxe5 Qxc2 18. axb4 Qd3 19. Qxd3 Rxd3 20. b5 Ne8 21. Bxg7
Kxg7 22. e5 Nc7 23. Ne4 Rd5 24. Nc3 Rc5 25. Ne4 Rxb5 26. Nd6 Rb2 27. Nd4 Bd5 28.
Rac1 Ne6 29. Nxe6+ Bxe6 30. Rc7 Kf8 31. f4 a5 32. g4 a4 33. f5 gxf5 34. gxf5 Bb3
35. e6 fxe6 36. fxe6 Bxe6 37. Rxe6 a3 38. Rf6+ Kg8 39. Rg6+ Kh8 40. Rxh6+ Kg8
41. Rg6+ 1-0

[Event "Titled Tue 17th Jun Early"]
[Site "chess.com INT"]
[Date "2025.06.17"]
[Round "5"]
[White "Hnatyshyn, Anastasiia"]
[Black "Tilak, Sharad S"]
[Result "0-1"]
[WhiteTitle "WFM"]
[BlackTitle "IM"]
[WhiteElo "2233"]
[BlackElo "2191"]
[WhiteFideId "14198339"]
[BlackFideId "5000165"]
[EventDate "2025.06.17"]

1. Nc3 Nf6 2. e4 e5 3. Nf3 Bb4 4. Nxe5 O-O 5. Nd3 Bxc3 6. dxc3 Nxe4 7. Be2 d5 8.
O-O c6 9. Bf3 Bf5 10. Re1 Nd7 11. Bf4 Qf6 12. Be3 Rfe8 13. Nf4 Ne5 14. Bd4 Qh6
15. Nd3 Nxd3 16. cxd3 Ng5 17. Rxe8+ Rxe8 18. Bg4 Bxg4 19. Qxg4 Ne6 20. Be3 Qf6
21. Re1 a6 22. h3 h6 23. Bd2 Rd8 24. d4 Kh7 25. Re5 c5 26. Rf5 Qe7 27. dxc5 Nxc5
28. Be3 Ne4 29. Bd4 g6 30. Re5 Qc7 31. Qh4 g5 0-1

[Event "Titled Tue 17th Jun Early"]
[Site "chess.com INT"]
[Date "2025.06.17"]
[Round "5"]
[White "Herman, Daniel"]
[Black "Goh, Zi Han"]
[Result "0-1"]
[BlackTitle "FM"]
[WhiteElo "1920"]
[BlackElo "2275"]
[WhiteFideId "30935008"]
[BlackFideId "5819156"]
[EventDate "2025.06.17"]

1. e4 g6 2. d4 d6 3. c4 Nf6 4. Nc3 Bg7 5. f3 e5 6. d5 a5 7. Bg5 h6 8. Be3 Na6 9.
Qd2 Nd7 10. Nh3 f5 11. exf5 gxf5 12. Bd3 Ndc5 13. Bb1 Qf6 14. Nf2 h5 15. Bg5 Qf7
16. O-O Bd7 17. Re1 h4 18. f4 e4 19. Nfxe4 fxe4 20. Nxe4 Kf8 21. Nxc5 Nxc5 22.
f5 Bf6 23. Bf4 Kg7 24. Be4 Nxe4 25. Rxe4 Bxf5 26. Re2 Rae8 27. Rae1 Rxe2 28.
Rxe2 Re8 29. Rf2 Qg6 30. g3 h3 31. Be3 Be4 32. Bd4 Be5 33. Bxe5+ Rxe5 34. Qd4
Qg4 35. Kf1 Kg6 0-1

[Event "Titled Tue 17th Jun Early"]
[Site "chess.com INT"]
[Date "2025.06.17"]
[Round "5"]
[White "Csonka, Balazs"]
[Black "Loskutova, Viktoriya"]
[Result "1-0"]
[WhiteTitle "IM"]
[BlackTitle "WFM"]
[WhiteElo "2467"]
[BlackElo "2092"]
[WhiteFideId "742910"]
[BlackFideId "34166278"]
[EventDate "2025.06.17"]

1. Nf3 Nf6 2. d4 g6 3. c4 Bg7 4. Nc3 O-O 5. e4 d6 6. Be2 Na6 7. Be3 e5 8. d5 Qe7
9. Nd2 h5 10. h3 Nd7 11. a3 f5 12. f3 f4 13. Bf2 g5 14. b4 Nf6 15. c5 dxc5 16.
Bxa6 cxb4 17. axb4 bxa6 18. Bc5 Qf7 19. Bxf8 Bxf8 20. Qa4 Rb8 21. Rb1 Qe7 22.
Nc4 Bd7 23. Qa5 Bb5 24. Nxb5 Rxb5 25. Qxa6 Rxb4 26. O-O Qc5+ 27. Kh1 Qxc4 28.
Qxf6 Rxb1 29. Qg6+ Kh8 30. Qxh5+ Kg8 31. Qxg5+ Bg7 32. Qd8+ Kh7 33. Qh4+ Kg6 34.
Rxb1 Qd3 35. Qg4+ Kh7 36. Qf5+ Kh6 37. Ra1 Qc3 38. Ra6+ 1-0